000
00198 a2200097 4500
020
_a
071162007503
041
_a
eng
100
_a
SHARYN MC CRUMB
245
_a
THE BALLAD OF FRANKIE SILVER
942
_c
BK
999
_c
6492
_d
6492